Composición, uso y virtudes del agua balsámica, vulgo de brea, del ilustrisimo señor don Jorge Berkeley, Obispo de Cloyne (Record no. 151937)

MARC details
000 -LEADER
campo de control de longitud fija 01254nam a2200229 i 4500
001 - NÚMERO DE CONTROL
campo de control 151937
003 - IDENTIFICADOR DE NÚMERO DE CONTROL
campo de control ES-MaACL
005 - FECHA Y HORA DE LA ÚLTIMA TRANSACCIÓN
campo de control 20251001141542.0
008 - DATOS DE LONGITUD FIJA--INFORMACIÓN GENERAL
campo de control de longitud fija 931025s1786 sp |||| | spa d
040 ## - FUENTE DE CATALOGACIÓN
Centro catalogador/agencia de origen CAM
Lengua de catalogación spa
Centro/agencia transcriptor PAB
100 1# - ENTRADA PRINCIPAL--NOMBRE DE PERSONA
Nombre de persona Berkeley, George.
9 (RLIN) 28043
245 10 - MENCIÓN DEL TÍTULO
Título Composición, uso y virtudes del agua balsámica, vulgo de brea, del ilustrisimo señor don Jorge Berkeley, Obispo de Cloyne
Resto del título : quien la propone como remedio el mas singular no solo para precaver y curar las viruelas, sino otras muchas enfermedades ... /
Mención de responsabilidad, etc. publícala para beneficio de la humanidad el Licenciado Don Vicente Ferrer Gorraiz y Beaumont...
260 ## - PUBLICACIÓN, DISTRIBUCIÓN, ETC.
Lugar de publicación, distribución, etc. En Madrid :
Nombre del editor, distribuidor, etc. en la Imprenta Real,
Fecha de publicación, distribución, etc. 1786.
300 ## - DESCRIPCIÓN FÍSICA
Extensión 32 p. ;
Dimensiones 4º.
530 ## - NOTA DISPONIBLE DE FORMULARIO FÍSICO ADICIONAL
Nota de formato físico adicional disponible Disponible también en sitio web.
597 ## - NOTA DE DESCRIPCIÓN FÍSICA
NOTA DE DESCRIPCIÓN FÍSICA Sign.: A-D4.
650 #4 - PUNTO DE ACCESO ADICIONAL DE MATERIA--TÉRMINO DE MATERIA
Término de materia o nombre geográfico como elemento de entrada Hidroterapia-
Subdivisión de forma Obras anteriores a 1800.
9 (RLIN) 147184
700 1# - ENTRADA AGREGADA--NOMBRE PERSONAL
Nombre de persona Ferrer Gorraiz Beaumont y Montesa, Vicente,
Fechas asociadas al nombre 1718-1792
9 (RLIN) 152495
852 ## - LOCALIZACIÓN
Ubicación ES-MaACL
Número de control de estantería R-3097(9)
Encuadernación Olim:T-627-F
Nota libre -- Enc. pasta española, Falto de la enc. original
-- -- Enc. en un vol. facticio
Encuadernación --
856 ## - LOCALIZACIÓN Y ACCESO ELECTRÓNICOS
Identificador Uniforme de Recursos <a href="http://bibliotecadigitalhispanica.bne.es:80/webclient/DeliveryManager?pid=1854497&custom_att_2=simple_viewer">http://bibliotecadigitalhispanica.bne.es:80/webclient/DeliveryManager?pid=1854497&custom_att_2=simple_viewer</a>
Nota pública Ir a la página
Holdings
Estatus retirado Estado de pérdida Estado de daño No para préstamo Colección Biblioteca de origen Biblioteca actual Ubicación en estantería Fecha de adquisición Total de préstamos Signatura topográfica completa Código de barras Visto por última vez Precio de reemplazo Tipo de ítem Koha
        Colección digital Biblioteca del Ateneo de Madrid Biblioteca del Ateneo de Madrid Depósito 17/01/2008   R-3097(9) 1158590 23/02/2023 23/02/2023 Libro impreso antiguo